• 首页
  • 本馆介绍
  • 公告通知
  • 最新文献
  • 馆藏检索
  • 电子资源
  • 读者导购
  • 参考咨询
  • 我的图书馆
  • 登录
  • 详细信息显示
  • 放入我的书架
  • 预约/预借图书
  • 作者相关作品
  • 分类相关作品
  • 丛书相关作品
  • 出版社相关作品

书目信息

  • 表格格式
  • 工作单格式
  • 卡片格式
题名:
海外名城
    
 
作者: 孙国禄 编著
分册:  
出版信息: 上海   上海教育出版社  1986
页数: 299页
开本: 19cm
丛书名: 中学生文库精选
单 册:
中图分类: G634.56 , Z226
科图分类:
主题词: 城市--概况--国外--中学--课外读物 , 百科全书--中国
电子资源:
ISBN: 7-5320-0859-2
000 00710oam2 2200253 450
001 1551011941
005 20151110140325.45
010    @a7-5320-0859-2@dCNY2.45
100    @a20000225e19961986demy0chiy0110 ea
101 0  @achi
102    @aCN@b310000
105    @abf z 000yy
200 1  @a海外名城@9hai wai ming cheng@f孙国禄等编著
210    @a上海@c上海教育出版社@d1986@h1996重印
215    @a299页@c图及地图@d19cm
225 2  @a中学生文库精选
461  0 @12001 @a中学生文库精选
606 0  @a城市@x概况@x国外@x中学@x课外读物
606 0  @a百科全书@x中国
690    @aG634.56@v5
690    @aZ226@v4
701  0 @a孙国禄@9sun guo lu@4编著
801  0 @aCN@bTSSF@c20150115
905    @aZUCC@dZ226@eJY1:1:2
    
    海外名城/孙国禄等编著.-上海:上海教育出版社,1986(1996重印)
    299页:图及地图;19cm.-(中学生文库精选)
    
    
    ISBN 7-5320-0859-2:CNY2.45
    
●
相关链接 在E读中查询图书 在五车中查询图书 在当当中查询图书 在豆瓣中查询图书


正题名:海外名城     索取号:Z226/JY1:1:2         预约/预借

序号 登录号 条形码 馆藏地/架位号 状态 备注
1 7851972   278519729   学院路分馆/ [索取号:Z226/JY1:1:2] 在馆    
2 7851974   278519747   学院路分馆/ [索取号:Z226/JY1:1:2] 在馆    
唐山师范学院图书馆 欢迎您!
大连网信软件有限公司© 版权所有